书目信息 |
| 题名: |
陆-气相互作用对我国气候变化的影响
|
|
| 作者: | 董文杰 , 封国林 , 韦志刚 著 | |
| 分册: | ||
| 出版信息: | 北京 气象出版社 2005.03 |
|
| 页数: | 310页 | |
| 开本: | 26cm | |
| 丛书名: | 亚洲季风区海-陆-气相互作用对我国气候变化的影响 | |
| 单 册: | ||
| 中图分类: | P468.2 | |
| 科图分类: | ||
| 主题词: | ||
| 电子资源: | ||
| ISBN: | 7-5029-3930-X | |
| 000 | 01222nam 2200289 450 | |
| 001 | 010252479438 | |
| 005 | 20050912141708.95 | |
| 010 | @a7-5029-3930-X@dCNY55.00 | |
| 100 | @a20050912d2005 km y0chiy0120 ea | |
| 101 | 0 | @achi |
| 102 | @aCN@b110000 | |
| 105 | @aa z 000yy | |
| 200 | 1 | @a陆-气相互作用对我国气候变化的影响@Alu-qi xiang hu zuo yong dui wo guo qi hou bian hua de ying xiang@f董文杰, 封国林, 韦志刚等著@Fdong wen jie,feng guo lin,wei zhi gang deng zhu |
| 210 | @a北京@c气象出版社@d2005.03 | |
| 215 | @a310页@c图@d26cm | |
| 225 | 2 | @a亚洲季风区海-陆-气相互作用对我国气候变化的影响@v第2卷 |
| 300 | @a中国科学院知识创新工程重要方向项目(ZKCX2-SW-210)。 | |
| 330 | @a本书系统详细地介绍了近年来我国科学家对陆-气相互作用及其对东亚气候影响的研究中取得的最新成果及进展,如副热带季风环流准两年振荡的概念模型等。 | |
| 410 | 0 | @12001 @a亚洲季风区海-陆-气相互作用对我国气候变化的影响 |
| 607 | 0 | @a陆地@x大气@x相互作用@x影响@x气候变化@x研究@y中国 |
| 607 | 0 | @a天平洋@x海洋热力学@x气候变化@x研究@y中国 |
| 690 | @aP468.2@v4 | |
| 701 | 0 | @a董文杰@Adong wen jie@4著 |
| 701 | 0 | @a封国林@Afeng guo lin@4著 |
| 701 | 0 | @a韦志刚@Awei zhi gang@4著 |
| 801 | 0 | @aCN@bQSSK@c20050912 |
| 905 | @a10447@dP468.2@eD742 | |
| 陆-气相互作用对我国气候变化的影响/董文杰, 封国林, 韦志刚等著.-北京:气象出版社,2005.03 |
| 310页:图;26cm.-(亚洲季风区海-陆-气相互作用对我国气候变化的影响;第2卷) |
| 中国科学院知识创新工程重要方向项目(ZKCX2-SW-210)。 |
| ISBN 7-5029-3930-X:CNY55.00 |
| 本书系统详细地介绍了近年来我国科学家对陆-气相互作用及其对东亚气候影响的研究中取得的最新成果及进展,如副热带季风环流准两年振荡的概念模型等。 |
| ● |
| 相关链接 |
|
|
|
正题名:陆-气相互作用对我国气候变化的影响
索取号:P468.2/D742
 
预约/预借
| 序号 | 登录号 | 条形码 | 馆藏地/架位号 | 状态 | 备注 |
| 1 | 569377 | 205693775 | 期刊室512/401自科库 123排1列2层/ [索取号:P468.2/D742] | 在馆 | |
| 2 | 569378 | 205693784 | 自科库401/401自科库 128排2列4层/ [索取号:P468.2/D742] | 在馆 | |
| 3 | 569379 | 205693793 | 期刊室512/401自科库 123排1列2层/ [索取号:P468.2/D742] | 在馆 |